• 首页
  • 本馆介绍
  • 公告通知
  • 最新文献
  • 馆藏检索
  • 电子资源
  • 读者导购
  • 参考咨询
  • 我的图书馆
  • 登录
  • 详细信息显示
  • 放入我的书架
  • 预约/预借图书
  • 作者相关作品
  • 分类相关作品
  • 丛书相关作品
  • 出版社相关作品

书目信息

  • 表格格式
  • 工作单格式
  • 卡片格式
题名:
天津文史资料选辑
    
 
作者: ;中国人民政治协商会议天津市委员会文史资料委员会 编
分册: 第22卷(64-66辑)  
出版信息: 天津   天津人民出版社  2014
页数: 189,190,197页
开本: 23cm
丛书名:
单 册:
中图分类: K292.1
科图分类:
主题词: 文史资料--天津
电子资源:
ISBN: 978-7-201-08808-2
000 00950nam0 2200265 450
000 00913nam0 2200253 450
000 00973nam0 2200253 450
001 007639183
005 20150323091636.21
010    @a978-7-201-08808-2@dCNY213.30
100    @a20150310d2014 em y0chiy50 ea
101 0  @achi
102    @aCN@b120000
105    @ay z 000yy
106    @ar
200 1  @a天津文史资料选辑@9tian jin wen shi zi liao xuan ji@h第22卷(64-66辑)@f中国人民政治协商会议天津市委员会文史资料委员会编
205    @a影印本
210    @a天津@c天津人民出版社@d2014
215    @a189,190,197页@d23cm
606 0  @a文史资料@y天津
690    @aK292.1@v5
711 02 @a中国人民政治协商会议天津市委员会文史资料委员会@9zhong guo ren min zheng zhi xie shang hui yi tian jin shi wei yuan hui wen shi zi liao wei yuan hui@4编
801  0 @aCN@b91MARC@c20150310
905    @b0847779@dK292.1@e201:22@f1
    
    天津文史资料选辑.第22卷(64-66辑)/中国人民政治协商会议天津市委员会文史资料委员会编.-影印本.-天津:天津人民出版社,2014
    189,190,197页;23cm
    
    
    ISBN 978-7-201-08808-2:CNY213.30
    
●
相关链接 在E读中查询图书 在五车中查询图书 在当当中查询图书 在豆瓣中查询图书


正题名:天津文史资料选辑     索取号:K292.1/201:22         预约/预借

序号 登录号 条形码 馆藏地/架位号 状态 备注
1 0847779   208477799   地方文献典藏中心/ [索取号:K292.1/201:22] 在馆    
唐山师范学院图书馆 欢迎您!
大连网信软件有限公司© 版权所有